00847nam a2200229 a 4500001001000000003000500010005001700015008004100032010001100073011001100084040000900095100002800104245014200132260004100274500006000315502007500375650002400450650002100474650002600495650002600521856007000547000112137CHAP20220329144247.0151208s2015 mx a fsm |||||||spa d a108598 a109570 cCHAP1 aVergara Soto, Salathiel10aUso de jugo de tuna (Opuntia sp.) como diluyente para la criopreservación de semen de bovinoh[En línea]cpor Salathiel Vergara Soto. aChapingo, Méx. :bEl autor,c2015. aPara ver el contenido del material haga clic en la liga aTesis (Ing. Agr. Esp. en Zootecnia) -- UACH. Departamento de Zootecnia14aCriopreservación.14aEspermatozoides.14aSemenxCongelación.14aSemenxGanado vacuno. aFinding aiduhttp://10.13.5.2/tesis/sist112137.pdfzTeclea aquí